[Event "Biel HTO 57th"]
[Site "Biel"]
[Date "2024.07.25"]
[Round "10"]
[White "Pappier, Carlos"]
[Black "Matsumura, Cocoro"]
[Result "1-0"]
[WhiteElo "2202"]
[BlackElo "2022"]
[PlyCount "51"]
[EventDate "2024.07.15"]
[EventType "swiss"]
[EventRounds "10"]
[EventCountry "SUI"]
[SourceTitle "CBM 221"]
[Source "ChessBase"]
[SourceDate "2024.08.31"]
[SourceVersion "1"]
[SourceVersionDate "2024.08.31"]
[SourceQuality "1"]

1. d4 d5 2. c4 e6 3. Nc3 Nf6 4. Bg5 dxc4 5. e3 c5 6. Bxf6 Qxf6 7. d5 a6 8. a4 Be7 9. Bxc4 0-0 10. Nf3 Rd8 11. Qb3 Bf8 12. 0-0 e5 13. Ne4 Qg6 14. Bd3 Nd7 15. Rac1 Qb6 16. Qa2 h6 17. a5 Qa7 18. d6 b5 19. axb6 Qxb6 20. Nfg5 hxg5 21. Nxg5 Nf6 22. Qxf7+ Kh8 23. Rc4 Bg4 24. Rxg4 Nxg4 25. Qh5+ Nh6 26. Qg6 1-0

[Event "Biel Rapid op 57th"]
[Site "Biel"]
[Date "2024.07.14"]
[Round "1"]
[White "Birrer, Alfred"]
[Black "Pappier, Carlos"]
[Result "0-1"]
[WhiteElo "1779"]
[BlackElo "2202"]
[PlyCount "82"]
[EventDate "2024.07.14"]
[EventType "swiss (rapid)"]
[EventRounds "9"]
[EventCountry "SUI"]
[SourceTitle "EXT 2025"]
[Source "ChessBase"]
[SourceDate "2024.10.14"]
[SourceVersion "1"]
[SourceVersionDate "2024.10.14"]
[SourceQuality "1"]

1. e4 c6 2. d4 d5 3. Nc3 dxe4 4. Nxe4 Bf5 5. Bd3 Qxd4 6. Nf3 Qb6 7. 0-0 Bxe4 8. Bxe4 Nf6 9. Bd3 e6 10. b3 Be7 11. Bb2 Nbd7 12. Qe2 0-0 13. Rad1 a5 14. Bc4 Nd5 15. Ne5 N7f6 16. Ng4 Rad8 17. Bxd5 Rxd5 18. Bxf6 Bxf6 19. Nxf6+ gxf6 20. Rxd5 cxd5 21. Rd1 Kh8 22. Rd3 Rg8 23. Rh3 Qd4 24. c3 Qg4 25. Qxg4 Rxg4 26. f3 Rg8 27. Rh4 Rc8 28. c4 dxc4 29. Rxc4 Rxc4 30. bxc4 Kg7 31. a4 Kf8 32. Kf2 Ke7 33. Ke3 Kd6 34. Kd4 e5+ 35. Kc3 f5 36. g3 Kc5 37. h3 h6 38. g4 e4 39. fxe4 fxe4 40. h4 f6 41. g5 fxg5 0-1

[Event "Biel Rapid op 57th"]
[Site "Biel"]
[Date "2024.07.14"]
[Round "7"]
[White "Pappier, Carlos"]
[Black "Bernhard, Simon1"]
[Result "0-1"]
[WhiteElo "2202"]
[BlackElo "1801"]
[PlyCount "54"]
[EventDate "2024.07.14"]
[EventType "swiss (rapid)"]
[EventRounds "9"]
[EventCountry "SUI"]
[SourceTitle "EXT 2025"]
[Source "ChessBase"]
[SourceDate "2024.10.14"]
[SourceVersion "1"]
[SourceVersionDate "2024.10.14"]
[SourceQuality "1"]

1. d4 Nf6 2. c4 g6 3. Nc3 Bg7 4. e4 d6 5. Nge2 0-0 6. Ng3 e5 7. d5 a5 8. Be2 Na6 9. 0-0 Nc5 10. Rb1 Ne8 11. Be3 Na6 12. a3 f5 13. exf5 gxf5 14. f4 e4 15. Qd2 Nf6 16. b4 axb4 17. axb4 c5 18. dxc6 bxc6 19. Rfd1 d5 20. cxd5 cxd5 21. Nxd5 Nxd5 22. Qxd5+ Qxd5 23. Rxd5 Rb8 24. Bxa6 Bxa6 25. Nxf5 Bd3 26. Rc1 Rxb4 27. Rd7 Rxf5 0-1

[Event "Biel Rapid op 57th"]
[Site "Biel"]
[Date "2024.07.14"]
[Round "2"]
[White "Pappier, Carlos"]
[Black "Tellarini, Lorenzo"]
[Result "0-1"]
[WhiteElo "2202"]
[BlackElo "2002"]
[PlyCount "48"]
[EventDate "2024.07.14"]
[EventType "swiss (rapid)"]
[EventRounds "9"]
[EventCountry "SUI"]
[SourceTitle "EXT 2025"]
[Source "ChessBase"]
[SourceDate "2024.10.14"]
[SourceVersion "1"]
[SourceVersionDate "2024.10.14"]
[SourceQuality "1"]

1. d4 Nf6 2. c4 g6 3. Nc3 d5 4. Bg5 Ne4 5. Bh4 Nxc3 6. bxc3 dxc4 7. e4 Be6 8. d5 Bd7 9. Bxc4 Bg7 10. Ne2 0-0 11. Rb1 Na6 12. Bxa6 bxa6 13. 0-0 Bb5 14. Rc1 Bc4 15. Re1 c5 16. dxc6 Bh6 17. Rb1 Bd2 18. Nd4 Bxc3 19. c7 Qxd4 20. Bxe7 Rfc8 21. Bd8 Bd3 22. Rb3 Bxe1 23. Qxe1 Rxd8 24. cxd8Q+ Rxd8 0-1